| 000 | 00784nam a22001937a 4500 | ||
|---|---|---|---|
| 999 |
_c19576 _d19576 |
||
| 003 | AR-CdUCM | ||
| 008 | 190518b ||||| |||| 00| 0 spa d | ||
| 040 |
_aMUNICIPALIDAD PROVINCIAL DEL CUSCO _cBIBLIOTECA MUNICIPAL DEL CUSCO |
||
| 082 |
_a333 / _bB41 |
||
| 100 |
_aBeltran, Enrique. _917 |
||
| 245 | _aLos recursos naturales de México y su conservación / | ||
| 260 |
_aMéxico : _bSecretaría de educación púbica, _c1946. |
||
| 300 |
_a95 páginas ; _c21 cm. |
||
| 505 | _aContenido : Los recursos naturales de México -- Los cazadores y la conservación -- La educación de los adultos -- La escuela y la naturaleza -- Cómo evitar las catástrofes ... | ||
| 650 |
_aMéxico. _918 |
||
| 650 |
_aRecursos naturales. _91988 |
||
| 942 |
_2ddc _cLIBROS |
||
| 945 |
_arum _d2019-05-18 |
||